00700nam a2200217 u 450000100100000000500170001000800410002702000150006804000250008304100130010808200190012110000170014024500620015726000410021930000280026050000210028850400320030950000730034156100350041460000330044900002033820200929170355.0100813s1991 xx 000 0 eng d a067154294X aDO-SdBNPbspacBNPHU17aspaheng a973.927bC226p1 aCannon, Lou.10aPresident Reagan :bthe role of a lifetime /cLou Cannon. aNew York :bSimon & Schuster,c1991. a948 p. :bil. ;c25 cm. aIncluye índice aBibliografía : p. 895-910 aIncluye referencias bibliográficas y notas al pie de las páginas 4xPOLÍTICA Y GOBIERNOy1981-1910aReagan, Ronald.d1911 - 2004